000 00586nam a2200217 a 4500
001 0000583
003 DO-SdBNP
005 20160803130504.0
007 0000583
008 140711s 1980 xxu 000 0 spa d
020 _a9780451525246
040 _aBPMSU
_bspa
_cBPMSU
100 1 _aDickens, Charles
_d1812-1870
245 1 0 _aGreat expectations /
_cCharles Dickens
260 _aEstados Unidos :
_bSignet classic,
_c1980.
300 _a535 p. ;
_c18 cm.
650 4 _aPOESÍA ÉPICA GRIEGA
650 4 _aLITERATURA GRIEGA
942 _2ddc
_cBK
956 _aYLOCKWARD
_b10
_lBND01
_h1027
999 _c11085
_d11085